000 00382pab a2200145 454500
008 180718b2002 xxu||||| |||| 00| 0 eng d
100 _aGulam, S. Abdul
245 _aFiscal discipline at state level: a study of state government finance in 1990s
260 _c2002
300 _ap.137-56.
362 _aJul-Dec
650 _aPublic finance
773 _aAnvesak
909 _a55796
999 _c55796
_d55796